00573pab a2200169 454500008004000000100001800040245011200058260000900170300001500179362000800194650002700202773003300229908000600262909001100268999001900279952010500298180718b2012 xxu||||| |||| 00| 0 eng d aElgie, Robert aExogenous political institutions? Constitutional choice in post independence francophone sub-Saharan Africa c2012 ap.771-783. aDec aPolitical institutions aPolitical Research Quarterly aN a102321 c102319d102319 00104070aIIPAbIIPAd2018-07-19hVolume no: 65, Issue no: 4pAR102781r2018-07-19w2018-07-19yAR